000 00552nam a2200193Ia 4500
005 20260120124529.0
008 008 260114s9999 xx 000 0 eng d
020 _a9781784418847
037 _aEBOOK
040 _aCRL
_beng
_cCRL
041 _aeng
_2eng
084 _qCRL
245 0 _aAsian Leadership in Policy and Governance
260 _bEmerald Publishing
_c2015
700 _aEvan Berman
_9907458
856 _uhttps://www.emerald.com/insight/publication/doi/10.1108/S2053-7697201524
942 _cEBOOK
999 _c1499289
_d1499289